Score 0/20 Timer 05:00
5 Plays Today
Shakespeare's Line Missing Word % Correct
'A rose by any other name would smell as ____.' - Romeo and JulietSweet
97.3%
'The cat will mew and dog will have his ____.' - HamletDay
95.6%
'Some are ____ great, some achieve greatness…' - Twelfth NightBorn
94.6%
'Worthy Macbeth, we ____ upon your leisure.' - MacbethStay
94.1%
'A ____ of words: heaven's face doth glow.' - HamletRhapsody
93.2%
'My mistress' eyes are nothing like the ____…' - Sonnet CXXXSun
93%
'That in ____ ink my love may still shine bright.' - Sonnet LXVBlack
92%
'For the ____ it ____eth every day.' - Twelfth NightRain
90.9%
'Frailty, thy ____ is woman!' - HamletName
89.3%
'No ____ you, indeed, sir.' - The Two Gentlemen of VeronaBelieving
88.2%
Shakespeare's Line Missing Word % Correct
'Love is like a ____.' - The Two Gentlemen of VeronaChild
87.2%
'God match me with a good ____!' - Much Ado about NothingDancer
81.3%
'All the world's a ____.' - As You Like ItStage
78.4%
'No, sir, I do not bite my ____ at you, sir, but I bite my ____, sir.' - Romeo and JulietThumb
73.9%
'It shall be called “Bottom’s ____” because it hath no bottom.' - A Midsummer Night's DreamDream
67.8%
'Even like a stony image, cold and ____.' - Titus AndronicusNumb
67.5%
'The gods to their dear ____ take thee, maid…' - King LearShelter
60.5%
'O, ____ me not, sweet mermaid, with thy note...' - The Comedy of ErrorsTrain
60%
'The fault, dear Brutus, is not in our ____s, but in our selves…' - Julius CaesarStar
54.2%
'So hung upon with love, so ____…' - A Midsummer Night's DreamFortunate
47.8%

Today's Daily Dose

Missing Word
'T' Pairs

Word Ladder
Game Pieces

Get the Picture
Baseball Movies

Remove Ads.
Support Sporcle.
Get the best of Sporcle when you Go Orange. This ad-free experience offers more features, more stats, and more fun while also helping to support Sporcle. Thank you for becoming a member.

You're not logged in!

Compare scores with friends on all Sporcle quizzes.
OR
Log In

Show Comments

Extras

Top Quizzes Today


Score Distribution

Your Account Isn't Verified!

In order to create a playlist on Sporcle, you need to verify the email address you used during registration. Go to your Sporcle Settings to finish the process.

Report this User

Report this user for behavior that violates our Community Guidelines.

Details: